000 01011nam a2200229 a 4500
001 83342
003 BD-RjUL
005 20240313121249.0
008 240313s2024 bg ||||| |||| 00| 0 ben d
020 _a97830000007130
035 _a(BD-RjUL)83342
040 _aBD-RjUL
_beng
_cBD-RjUL
041 _aben
082 _223
_a930.10954924
_bRAR 2024
100 _aরহমান, কাজী মোঃ মোস্তাফিজুর
_912284
245 _aরাজশাহী জেলার প্রত্নপীট ও স্থাপত্যিক ঐতিহ্য /
_cকাজী মোঃ মোস্তাফিজুর রহমান
260 _aঢাকা :
_bগ্রন্থ কুটির,
_c২০২৪
300 _a৩১২ পৃ.:
_bচিত্রসমূহ;
_c২৩ সেমি.
650 _aপ্রত্নতত্ত্ব এবং ইতিহাস
_zরাজশাহী
_912285
650 _aArchaeology and history
_zRajshahi
_912286
942 _2ddc
_cBK
999 _c83342
_d83342